LEADER 01167nam a2200217 i 4500 001 000000231634 003 CaOOAMICUS 005 20140806000000.0 008 140806s1969 it u000 u ger u 013 $a210537 040 $aSeMil$bita 100 1 $aNötscher, Friedrich <1890-1966>.$0(OLS)http://semarc/name/78135 245 14$aDas Angesicht Gottes schauen, nach biblischer und babylonischer Auffassung /$cFriedrich Nötscher. Im Anhang: "Gott schauen" in der alttestamentlichen Religion / von Wolf Wilhelm Graf Baudissin. 250 $a2., durchgesehene und berichtigte Aufl., Reprograf. Nachdr. der 1. Aufl. Würzburg, 1924. 260 $aDarmstadt :$bWissenschaftliche Buchgesellschaft,$c1969. 300 $aVI, 261 p. ;$c22 cm. 700 1 $aWolf, Wilhelm Friedrich : von Baudissin <1847-1926>.$0(OLS)http://semarc/name/79693 850 $aSeMil 852 $aSeMil$W1$xVenegono$y1$m2Z II 112$j181980$B181980$CSeMilBibl$Z2$F192944 $81 996 $6245$aDas Angesicht Gottes schauen, nach biblischer und babylonischer Auffassung$9(OLS)http://semarc/title/330723 996 $6260$aDarmstadt :$bWissenschaftliche Buchgesellschaft$9(OLS)http://semarc/publisher/32002 LEADER 01090nam a2200217 i 4500 001 000000039174 003 CaOOAMICUS 005 20230927151938.0 008 931231n1985 it a u000 u ita u 040 $aSeMil$bita 245 00$aImmagini di Concorezzo :$bl'antico centro : notizie, fotografie, curiosità su una parte del paese in rapida evoluzione. 264 1$aConcorezzo :$bAssociazione educativa-culturale Il cortile,$c1985. 300 $a79 p. :$bill. ;$c30 cm 650 4$aConcorezzo.$0(OLS)http://semarc/subject/8005 700 1 $aAssociazione educativa-culturale "Il Cortile" .$0(OLS)http://semarc/name/18935 850 $aSeMil 852 $aSeMil$W1$xVenegono$y1$m3P VI 185$j5329$B5329$CSeMilBibl$Z2$F5329 $81 961 $aOmaggio: Colombo Card. Giovanni 996 $6245$aImmagini di Concorezzo :$bl'antico centro : notizie, fotografie, curiosità su una parte del paese in rapida evoluzione$9(OLS)http://semarc/title/55647 996 $6264$aConcorezzo :$bAssociazione educativa-culturale Il cortile$9(OLS)http://semarc/publisher/61277